| Tag |
First Indicator |
Second Indicator |
Subfields |
| LEADER |
00000cam a2200000 4500 |
| 001 |
in00000062820 |
| 005 |
20151008050634.0 |
| 008 |
751015m18621864fr 00010 fre d |
| 035 |
|
|
|a (OCoLC)01704724
|
| 035 |
|
|
|9 AAG2308AM
|
| 040 |
|
|
|a FNP
|c FNP
|d TXA
|d UtOrBLW
|
| 049 |
|
|
|a TXAM
|v 1 [200113]
|v 2 [200114]
|v 3 [200115]
|v 4 [200116]
|v 5 [200117]
|v 6 [200118]
|v 7 [200119]
|
| 090 |
|
|
|a HB163
|b .B32
|
| 092 |
|
|
|a 330.1
|b B326
|
| 100 |
1 |
|
|a Bastiat, Frédéric,
|d 1801-1850.
|
| 245 |
1 |
0 |
|a oeuvres completes de Frederic Bastiat /
|c mises en ordre, rev. et annotees d'apres les manuscrits de l'auteur.
|
| 264 |
|
1 |
|a Paris :
|b Guillaumin,
|c 1862-64.
|
| 300 |
|
|
|a 7 volumes ;
|c 18 cm.
|
| 336 |
|
|
|a text
|b txt
|2 rdacontent
|
| 337 |
|
|
|a unmediated
|b n
|2 rdamedia
|
| 338 |
|
|
|a volume
|b nc
|2 rdacarrier
|
| 505 |
0 |
|
|a CONTENTS. t.l. Correspondance. Melanges. 2. ed. 1862--t.2. Le libre-echange. 2. ed. 1862--t.3. Cobden et la ligue, ou L'agitation anglaise pour la liberte des echanges. 3. ed. 1864.--t.4-5. Sophismes economiques. Petits pamphlets. I, II. 3. ed. 1873--t.6. Harmonies economiques. 6. ed. 1870.--t.7. Essais, Ebauches, Correspondance. 1864.
|
| 650 |
|
0 |
|a Economics.
|
| 999 |
|
|
|a MARS
|
| 999 |
f |
f |
|s 22d5ad99-51a3-308d-8261-4ee5b74dc3f1
|i 1f384689-0fab-3c34-913c-544d3eb97a41
|t 0
|
| 952 |
f |
f |
|p ric
|a Texas A&M University
|b Rellis Campus
|c Joint Library Facility
|d Remote Storage
|t 0
|e HB163 .B32
|h Library of Congress classification
|i unmediated -- volume
|k v.2
|m A14800688326
|
| 952 |
f |
f |
|p ric
|a Texas A&M University
|b Rellis Campus
|c Joint Library Facility
|d Remote Storage
|t 0
|e HB163 .B32
|h Library of Congress classification
|i unmediated -- volume
|k v.6
|m A14800688368
|
| 952 |
f |
f |
|p ric
|a Texas A&M University
|b Rellis Campus
|c Joint Library Facility
|d Remote Storage
|t 0
|e HB163 .B32
|h Library of Congress classification
|i unmediated -- volume
|k v.5
|m A14800688350
|
| 952 |
f |
f |
|p ric
|a Texas A&M University
|b Rellis Campus
|c Joint Library Facility
|d Remote Storage
|t 0
|e HB163 .B32
|h Library of Congress classification
|i unmediated -- volume
|k v.7
|m A14800688376
|
| 952 |
f |
f |
|p ric
|a Texas A&M University
|b Rellis Campus
|c Joint Library Facility
|d Remote Storage
|t 0
|e HB163 .B32
|h Library of Congress classification
|i unmediated -- volume
|k v.1
|m A14800688318
|
| 952 |
f |
f |
|p ric
|a Texas A&M University
|b Rellis Campus
|c Joint Library Facility
|d Remote Storage
|t 0
|e HB163 .B32
|h Library of Congress classification
|i unmediated -- volume
|k v.4
|m A14800688342
|
| 952 |
f |
f |
|p ric
|a Texas A&M University
|b Rellis Campus
|c Joint Library Facility
|d Remote Storage
|t 0
|e HB163 .B32
|h Library of Congress classification
|i unmediated -- volume
|k v.3
|m A14800688334
|
| 998 |
f |
f |
|a HB163 .B32
|s v.1-v.7
|t 0
|l Remote Storage
|